Pediatric Dental journal (Record no. 30275)

MARC details
000 -LEADER
fixed length control field 00218nam a22000977a 4500
003 - CONTROL NUMBER IDENTIFIER
control field SGT
245 ## - TITLE STATEMENT
Title Pediatric Dental journal
260 ## - PUBLICATION, DISTRIBUTION, ETC. (IMPRINT)
Name of publisher, distributor, etc Japanese society of Pediatric Dentistry
Year of Publication 2022
300 ## - PAGE DESCRIPTION
No. of Pages 215
942 ## - ADDED ENTRY ELEMENTS (KOHA)
Source of classification or shelving scheme Dewey Decimal Classification
Koha item type Back Volumes
Holdings
Withdrawn status Lost status Source of classification or shelving scheme Damaged status Use restrictions Not for loan Home library Current library Date acquired Volume Information (Serial or Books or Non-Book Material) SGTU Total Checkouts Accession No. (Barcode) Date last seen Bill Date Koha item type
    Dewey Decimal Classification   Restricted Access Not For Loan SGT Dental Library SGT Dental Library 17/03/2025 Vol.32 SGTU   PD1256 17/03/2025 17/03/2025 Back Volumes